2019-2020 Pittsburgh Steelers Current Roster - Statistics

General Stats
  • This quiz has been taken 774 times
  • The average score is 18 of 39
Answer Stats
Hint Answer % Correct
QB Ben Roethlisberger
95%
WR Juju Smith-Schuster
91%
QB Mason Rudolph
89%
RB James Conner
87%
LB TJ Watt
81%
WR Diontae Johnson
74%
Coach Mike Tomlin
72%
DE Cameron Heyward
70%
K Chris Boswell
66%
WR James Washington
61%
OL Maurkice Pouncey
61%
TE Vance McDonald
61%
CB Joe Haden
60%
QB Josh Dobbs
60%
OL David DeCastro
58%
LB Devin Bush
52%
OL Alejandro Villanueva
46%
DE Stephon Tuitt
44%
FB Roosevelt Nix
43%
SS Terrell Edmunds
43%
RB Jaylen Samuels
42%
P Jordan Berry
42%
LB Vince Williams
36%
CB Steven Nelson
33%
CB Mike Hilton
31%
OL Ramon Foster
30%
CB Cameron Sutton
28%
DT Javon Hargrave
27%
FS Sean Davis
27%
TE Zach Gentry
27%
CB Artie Burns
25%
WR Ryan Switzer
23%
WR Donte Moncrief
21%
OL Matt Feiler
21%
TE Xavier Grimble
18%
LS Kameron Canaday
14%
LB Mark Barron
13%
FS Marcus Allen
12%
DT Dan McCullers
8%
No matching quizzes found
Score Distribution
Percent of People with Each Score
Percentile by Number Answered
Your Score History
You have not taken this quiz